000 00564nam a2200181 a 4500
008 120416s2003 ||||||||||||||||| || u
020 _a0750656220
050 _aHD 5549 Mur
100 _aMurdock, Alex
245 1 0 _aPersonal effectiveness
250 _a3rd ed.
260 _aOxford
_bB-H
_c2003
300 _axlv, 374p. : ill.
350 _a0.00
650 _aINDUSTRY
650 _aMANAGERIAL EFFECTIVENESS
995 _D0.00
_FCBU-MAIN LIBRARY (Kitwe)
_H1
_I27.50
_M1
_UDAMAGED
_ZMain Library Open Access Collection
999 _c53372
_d53372